[Event "Police Gniota Memorial 33rd"]
[Site "Police"]
[Date "2018.07.19"]
[Round "9"]
[White "Czuchnicki, Adam"]
[Black "Jankowiak, Piotr"]
[Result "0-1"]
[WhiteElo "1966"]
[BlackElo "1902"]
[PlyCount "68"]
[EventDate "2018.07.11"]
[EventType "swiss"]
[EventRounds "9"]
[EventCountry "POL"]
[SourceTitle "CBM 185 Extra"]
[Source "ChessBase"]
[SourceDate "2018.07.29"]
[SourceVersion "1"]
[SourceVersionDate "2018.07.29"]
[SourceQuality "1"]

1. Nf3 d5 2. g3 Nf6 3. Bg2 e6 4. 0-0 Be7 5. d4 0-0 6. c4 c6 7. Qc2 Nbd7 8. Nbd2 b6 9. e4 Bb7 10. e5 Ne8 11. Re1 Rc8 12. cxd5 cxd5 13. Qd3 Nc7 14. h4 Ba6 15. Qe3 b5 16. Ng5 b4 17. f4 Nb5 18. Ndf3 Qb6 19. Rd1 h6 20. Nh3 Rc2 21. g4 Nc3 22. Re1 Rc8 23. Kh1 Ne4 24. Kh2 Qb5 25. f5 Nb6 26. f6 Bf8 27. fxg7 Bxg7 28. g5 Nc4 29. Qf4 h5 30. g6 fxg6 31. Rxe4 dxe4 32. Qxe4 Nxe5 33. dxe5 Bb7 34. Qe3 Qf1 0-1

[Event "Police Gniota Memorial 32nd"]
[Site "Police"]
[Date "2017.07.13"]
[Round "9"]
[White "Czuchnicki, Adam"]
[Black "De Smedt, Mark"]
[Result "1/2-1/2"]
[WhiteElo "2003"]
[BlackElo "1894"]
[PlyCount "21"]
[EventDate "2017.07.05"]
[EventType "swiss"]
[EventRounds "9"]
[EventCountry "POL"]
[SourceTitle "EXT 2018"]
[Source "ChessBase"]
[SourceDate "2017.10.13"]
[SourceVersion "1"]
[SourceVersionDate "2017.10.13"]
[SourceQuality "1"]

1. e4 e5 2. Bc4 Nc6 3. Nc3 Nf6 4. d3 Na5 5. Nge2 Bc5 6. 0-0 h6 7. Bb3 Nxb3 8. axb3 d5 9. Nxd5 Nxd5 10. exd5 Qxd5 11. Nc3 1/2-1/2

[Event "Police Gniota Memorial 32nd"]
[Site "Police"]
[Date "2017.07.06"]
[Round "2"]
[White "Krzywda, Andrzej"]
[Black "Czuchnicki, Adam"]
[Result "1-0"]
[WhiteElo "2180"]
[BlackElo "2003"]
[PlyCount "161"]
[EventDate "2017.07.05"]
[EventType "swiss"]
[EventRounds "9"]
[EventCountry "POL"]
[SourceTitle "EXT 2018"]
[Source "ChessBase"]
[SourceDate "2017.10.13"]
[SourceVersion "1"]
[SourceVersionDate "2017.10.13"]
[SourceQuality "1"]

1. e4 c5 2. Nf3 d6 3. d4 cxd4 4. Nxd4 Nf6 5. Nc3 a6 6. g3 e5 7. Nb3 Be6 8. Bg2 Be7 9. 0-0 0-0 10. a4 Nbd7 11. Re1 Rc8 12. a5 Nc5 13. Nxc5 Rxc5 14. Na4 Rxa5 15. Bd2 Rxa4 16. Rxa4 Qc7 17. Bg5 Rc8 18. Bxf6 Bxf6 19. c3 Qc5 20. Qd2 Bd8 21. Raa1 Bb6 22. Rac1 Bb3 23. Bf3 Rd8 24. Kg2 Rf8 25. Bd1 Be6 26. b4 Qc6 27. Bf3 Ba7 28. h3 Bc4 29. Rcd1 Bb3 30. Rb1 Bc4 31. Rbd1 Qb6 32. Bg4 Bb3 33. Rb1 Bc4 34. h4 Rd8 35. Bf3 Be6 36. Red1 Bc4 37. Qe1 Be6 38. Rbc1 Qc6 39. Qd2 Bb3 40. Re1 Bc4 41. Rb1 Qb6 42. Red1 Qc6 43. Qe1 Be6 44. Rdc1 Bc4 45. Rb2 Bb6 46. Rd2 Ba7 47. Qd1 Qb6 48. Ra1 Qc6 49. Ra5 Bb6 50. Ra1 Ba7 51. Rc1 Kf8 52. Kh2 Bb6 53. Bg2 Ke7 54. Qg4 Kf8 55. Qg5 h6 56. Qg4 Ba7 57. h5 Be6 58. Qh4 f6 59. Bh3 Bb3 60. Bf5 Bf7 61. Qg4 Qc4 62. Bg6 Be6 63. Qd1 Ke7 64. Qf3 Bb6 65. Rcd1 Bc7 66. Rd3 Bb8 67. Bf5 Bf7 68. R1d2 Bc7 69. Qg4 Kf8 70. Qe2 Ke7 71. Qg4 Kf8 72. f4 Re8 73. Rf3 Bb8 74. Bg6 exf4 75. Rxf4 Qxc3 76. Rdf2 Be6 77. Qd1 Rd8 78. e5 Bb3 79. Qg4 Qxe5 80. Re4 Qg5 81. Qd7 1-0

[Event "Police Gniota Memorial 32nd"]
[Site "Police"]
[Date "2017.07.05"]
[Round "1"]
[White "Czuchnicki, Adam"]
[Black "Chojnacki, Krzysztof"]
[Result "0-1"]
[WhiteElo "2003"]
[BlackElo "2367"]
[PlyCount "62"]
[EventDate "2017.07.05"]
[EventType "swiss"]
[EventRounds "9"]
[EventCountry "POL"]
[SourceTitle "EXT 2018"]
[Source "ChessBase"]
[SourceDate "2017.10.13"]
[SourceVersion "1"]
[SourceVersionDate "2017.10.13"]
[SourceQuality "1"]

1. e4 d6 2. d4 Nf6 3. Nc3 g6 4. f4 Bg7 5. Nf3 c5 6. dxc5 Qa5 7. Bd3 Qxc5 8. Qe2 Bg4 9. Be3 Qa5 10. 0-0 0-0 11. h3 Bxf3 12. Qxf3 Nbd7 13. Qf2 a6 14. Bd4 Rac8 15. g4 e5 16. Be3 d5 17. fxe5 Nxe5 18. Bb6 Qb4 19. Nxd5 Nxd5 20. exd5 Qxb2 21. Rab1 Qxa2 22. Be4 Rc4 23. Ra1 Qb2 24. Rab1 Qa2 25. Ra1 Nf3+ 26. Qxf3 Bxa1 27. Qb3 Qxb3 28. cxb3 Rxe4 29. Rxa1 Rfe8 30. Kf2 Re2+ 31. Kf3 Rd2 0-1

[Event "Rubinstein Memorial 52nd"]
[Site "Polanica Zdroj"]
[Date "2016.08.28"]
[Round "9"]
[White "Samborski, Henryk"]
[Black "Czuchnicki, Adam"]
[Result "1-0"]
[WhiteElo "2114"]
[BlackElo "2046"]
[PlyCount "83"]
[EventDate "2016.08.20"]
[EventType "swiss"]
[EventRounds "10"]
[EventCountry "POL"]
[SourceTitle "CBM 174 Extra"]
[Source "ChessBase"]
[SourceDate "2016.10.10"]
[SourceVersion "1"]
[SourceVersionDate "2016.10.10"]
[SourceQuality "1"]

1. e4 c5 2. Nf3 d6 3. d4 cxd4 4. Nxd4 Nf6 5. Nc3 a6 6. Be2 e6 7. Be3 Qc7 8. a4 Nc6 9. 0-0 Be7 10. f4 0-0 11. Kh1 Nxd4 12. Bxd4 e5 13. Be3 exf4 14. Bxf4 Be6 15. Bf3 Nd7 16. Nd5 Bxd5 17. Qxd5 Ne5 18. Rac1 b5 19. axb5 axb5 20. Be2 b4 21. c4 bxc3 22. Rxc3 Qa5 23. Qxa5 Rxa5 24. Rc7 Bf6 25. Rb7 Ra2 26. g4 g5 27. Bd2 Kg7 28. Bc3 Kg6 29. Rd1 Rd8 30. Rb6 Ra4 31. Rdxd6 Rxd6 32. Rxd6 Rxe4 33. Bd3 Nxd3 34. Rxf6+ Kg7 35. Re6+ Kf8 36. Rxe4 Nf2+ 37. Kg2 Nxe4 38. Kf3 Nd6 39. Bb4 Ke7 40. Bxd6+ Kxd6 41. Ke4 Ke6 42. b4 1-0

[Event "Rubinstein Memorial 52nd"]
[Site "Polanica Zdroj"]
[Date "2016.08.22"]
[Round "3"]
[White "Czuchnicki, Adam"]
[Black "Zaleski, Lukasz"]
[Result "0-1"]
[WhiteElo "2046"]
[BlackElo "2219"]
[PlyCount "86"]
[EventDate "2016.08.20"]
[EventType "swiss"]
[EventRounds "10"]
[EventCountry "POL"]
[SourceTitle "CBM 174 Extra"]
[Source "ChessBase"]
[SourceDate "2016.10.10"]
[SourceVersion "1"]
[SourceVersionDate "2016.10.10"]
[SourceQuality "1"]

1. d4 Nf6 2. c4 e6 3. g3 c5 4. d5 exd5 5. cxd5 d6 6. Nc3 g6 7. Bg2 Bg7 8. Nf3 0-0 9. 0-0 a6 10. a4 Nbd7 11. Nd2 Re8 12. h3 Rb8 13. Nc4 Ne5 14. Nxe5 Rxe5 15. e4 b5 16. axb5 axb5 17. f4 Rh5 18. e5 dxe5 19. fxe5 Rxe5 20. Bf4 Nh5 21. Bxe5 Bxe5 22. Qf3 f5 23. g4 Ng3 24. Rfe1 Qd6 25. Ne2 Ne4 26. Rad1 Bxb2 27. Qb3 Be5 28. Bxe4 fxe4 29. Qe3 b4 30. Qxe4 Ba6 31. Nc1 Re8 32. Kg2 c4 33. Ne2 Bb5 34. Nd4 Ba4 35. Rb1 Bg3 36. Ne6 Bxe1 37. Rxe1 c3 38. Qd4 Re7 39. Ra1 Bc6 40. dxc6 Qxc6+ 41. Kg3 Rxe6 42. Qxb4 Re3+ 43. Kh4 Qf6+ 0-1

[Event "Police Gniota Memorial 30th"]
[Site "Police"]
[Date "2015.07.15"]
[Round "9"]
[White "Simantsev, Mikhail"]
[Black "Czuchnicki, Adam"]
[Result "1-0"]
[WhiteElo "2462"]
[BlackElo "2022"]
[PlyCount "101"]
[EventDate "2015.07.08"]
[EventType "swiss"]
[EventRounds "9"]
[EventCountry "POL"]
[SourceTitle "CBM 167 Extra"]
[Source "ChessBase"]
[SourceDate "2015.09.14"]
[SourceVersion "1"]
[SourceVersionDate "2015.09.14"]
[SourceQuality "1"]

1. d4 f5 2. c4 Nf6 3. Nc3 d6 4. Nf3 g6 5. g3 Bg7 6. Bg2 0-0 7. 0-0 Qe8 8. d5 Na6 9. Be3 Nc5 10. Nd4 Bd7 11. Rc1 a5 12. b3 c6 13. Qd2 Ng4 14. Bf4 Ne5 15. h3 Nf7 16. Be3 e5 17. dxe6 Nxe6 18. Nxe6 Bxc3 19. Qxc3 Qxe6 20. a4 Rfe8 21. Rfe1 Qe7 22. Bb6 Qe5 23. Qd2 h6 24. f4 Qe6 25. Bxa5 Qe3+ 26. Qxe3 Rxe3 27. Bc3 Rae8 28. Kf2 g5 29. b4 gxf4 30. gxf4 Nh8 31. Bd4 Ra3 32. Ra1 Rb3 33. Reb1 Rxb1 34. Rxb1 Ng6 35. e3 Ra8 36. a5 Kf7 37. Bf3 Nf8 38. Rg1 Ne6 39. Bh5+ Ke7 40. Bc3 d5 41. c5 Be8 42. Rg8 Rd8 43. Bxe8 Rxe8 44. Rg6 Rf8 45. Rxh6 Rf7 46. Be5 Kd7 47. Rh8 Nd8 48. h4 Ne6 49. h5 Nf8 50. Rxf8 Rxf8 51. h6 1-0

[Event "Police Gniota Memorial 30th"]
[Site "Police"]
[Date "2015.07.10"]
[Round "3"]
[White "Yagupov, Igor"]
[Black "Czuchnicki, Adam"]
[Result "1-0"]
[WhiteElo "2342"]
[BlackElo "2022"]
[PlyCount "63"]
[EventDate "2015.07.08"]
[EventType "swiss"]
[EventRounds "9"]
[EventCountry "POL"]
[SourceTitle "CBM 167 Extra"]
[Source "ChessBase"]
[SourceDate "2015.09.14"]
[SourceVersion "1"]
[SourceVersionDate "2015.09.14"]
[SourceQuality "1"]

1. e4 c5 2. Nf3 d6 3. d4 cxd4 4. Nxd4 Nf6 5. Nc3 a6 6. Be3 e6 7. f3 b5 8. Qd2 Nbd7 9. g4 Nb6 10. a4 Nc4 11. Bxc4 bxc4 12. a5 Bb7 13. Na4 Nd7 14. 0-0-0 Rc8 15. Qc3 Be7 16. h4 Bxh4 17. Qb4 Rb8 18. Rxh4 Qxh4 19. Qxd6 Qe7 20. Qc7 0-0 21. Nb6 Rfd8 22. Bf4 e5 23. Nf5 Qc5 24. Rxd7 Qxc7 25. Rxc7 exf4 26. Nd7 Ba8 27. Nxb8 Rxb8 28. Nd6 Rf8 29. Nxc4 g6 30. Nb6 Kg7 31. g5 Rd8 32. b4 1-0

[Event "Police Gniota Memorial 30th"]
[Site "Police"]
[Date "2015.07.09"]
[Round "2"]
[White "Czuchnicki, Adam"]
[Black "Korbal, Arkadiusz"]
[Result "1-0"]
[WhiteElo "2022"]
[BlackElo "2099"]
[PlyCount "63"]
[EventDate "2015.07.08"]
[EventType "swiss"]
[EventRounds "9"]
[EventCountry "POL"]
[SourceTitle "CBM 167 Extra"]
[Source "ChessBase"]
[SourceDate "2015.09.14"]
[SourceVersion "1"]
[SourceVersionDate "2015.09.14"]
[SourceQuality "1"]

1. d4 Nf6 2. c4 e6 3. Nf3 c5 4. d5 d6 5. Nc3 exd5 6. cxd5 g6 7. e4 Bg7 8. Be2 0-0 9. 0-0 Re8 10. Nd2 Na6 11. a4 Nc7 12. f4 a6 13. Bf3 Rb8 14. Nc4 b5 15. axb5 axb5 16. Na5 Bd7 17. e5 dxe5 18. d6 Na8 19. Nc6 Bxc6 20. Bxc6 Re6 21. fxe5 Nd7 22. Bd5 Nxe5 23. Bxe6 fxe6 24. Ne4 c4 25. Bg5 Qb6+ 26. Kh1 Qc6 27. Qe2 Nd7 28. Nf6+ Nxf6 29. Qxe6+ Kh8 30. Bxf6 Qe8 31. Bxg7+ Kxg7 32. Ra7+ 1-0

[Event "Police Gniota Memorial 30th"]
[Site "Police"]
[Date "2015.07.08"]
[Round "1"]
[White "Weichhold, Pawel"]
[Black "Czuchnicki, Adam"]
[Result "1-0"]
[WhiteElo "2418"]
[BlackElo "2022"]
[PlyCount "75"]
[EventDate "2015.07.08"]
[EventType "swiss"]
[EventRounds "9"]
[EventCountry "POL"]
[SourceTitle "CBM 167 Extra"]
[Source "ChessBase"]
[SourceDate "2015.09.14"]
[SourceVersion "1"]
[SourceVersionDate "2015.09.14"]
[SourceQuality "1"]

1. e4 c5 2. Nf3 d6 3. d4 cxd4 4. Nxd4 Nf6 5. Nc3 a6 6. Bg5 e6 7. f4 Be7 8. Qf3 Qc7 9. 0-0-0 Nbd7 10. g4 h6 11. Bxf6 Bxf6 12. h4 Qb6 13. Nb3 Be7 14. Kb1 Nc5 15. g5 Bd7 16. f5 hxg5 17. hxg5 0-0-0 18. g6 fxg6 19. fxe6 Bxe6 20. Bh3 Rxh3 21. Rxh3 Rf8 22. Qe3 Bxh3 23. Qxh3+ Kb8 24. Nd5 Qd8 25. Rd4 Rh8 26. Qg2 Rh5 27. Rb4 Bf6 28. a3 Nxb3 29. Rxb3 Be5 30. Qf1 Ka7 31. Qf2+ Ka8 32. Qf7 Qb8 33. Rb4 Rh8 34. Nc7+ Ka7 35. Qf2+ b6 36. Nd5 Rf8 37. Qg1 Rf7 38. Rxb6 1-0

[Event "Polanica Zdroj op-B 49th"]
[Site "Polanica Zdroj"]
[Date "2013.08.??"]
[Round "3"]
[White "Czuchnicki, Adam"]
[Black "Budzinski, Jan"]
[Result "1-0"]
[WhiteElo "2094"]
[BlackElo "2024"]
[PlyCount "91"]
[EventDate "2013.08.17"]
[EventType "swiss"]
[EventRounds "9"]
[EventCountry "POL"]
[SourceTitle "CBM 156 Extra"]
[Source "ChessBase"]
[SourceDate "2013.10.22"]
[SourceVersion "1"]
[SourceVersionDate "2013.10.22"]
[SourceQuality "1"]

1. d4 Nf6 2. c4 c5 3. d5 b5 4. cxb5 a6 5. bxa6 Bxa6 6. Nc3 d6 7. Nf3 Nbd7 8. g3 g6 9. Bg2 Bg7 10. 0-0 0-0 11. Qc2 Qa5 12. Rd1 Rfb8 13. Rb1 Ng4 14. Bd2 Bxc3 15. Bxc3 Qxa2 16. Ra1 Qb3 17. Qxb3 Rxb3 18. Ra4 c4 19. Rda1 Nc5 20. Rxc4 Nf6 21. Nd4 Rbb8 22. Rb4 Bb7 23. Ra3 Rxa3 24. bxa3 Ra8 25. Nc6 Kf8 26. Bd4 Nfd7 27. Bb2 Ba6 28. Kf1 Nf6 29. Ke1 Rc8 30. Kd2 Bb7 31. Bxf6 exf6 32. Na5 Ba6 33. Rb6 Ke7 34. e4 f5 35. exf5 gxf5 36. Ke3 Kd7 37. f3 Re8+ 38. Kf4 Re5 39. Bh3 Rxd5 40. Bxf5+ Ke7 41. Nc6+ Kf6 42. g4 Bd3 43. Nb4 Rd4+ 44. Ke3 Rxb4 45. axb4 Bxf5 46. bxc5 1-0

[Event "Police Gniota Memorial 28th"]
[Site "Police"]
[Date "2013.07.15"]
[Round "6"]
[White "Czuchnicki, Adam"]
[Black "Zschaebitz, Klaus"]
[Result "1-0"]
[WhiteElo "2094"]
[BlackElo "2022"]
[PlyCount "127"]
[EventDate "2013.07.10"]
[EventType "swiss"]
[EventRounds "9"]
[EventCountry "POL"]
[SourceTitle "CBM 155 Extra"]
[Source "ChessBase"]
[SourceDate "2013.08.26"]
[SourceVersion "1"]
[SourceVersionDate "2013.08.26"]
[SourceQuality "1"]

1. d4 Nf6 2. c4 e6 3. g3 b6 4. Bg2 c6 5. Nf3 Bb4+ 6. Bd2 Be7 7. 0-0 d5 8. Ne5 Bb7 9. Bc3 Nbd7 10. Nd2 c5 11. Qa4 0-0 12. Nxd7 Nxd7 13. cxd5 exd5 14. Rfd1 Qc7 15. dxc5 bxc5 16. e3 a5 17. Nf3 Bf6 18. Rac1 Rfd8 19. Bxf6 Nxf6 20. Nd4 Ne4 21. Nb3 c4 22. Bxe4 dxe4 23. Rxd8+ Rxd8 24. Qxc4 Rd1+ 25. Kg2 Qxc4 26. Rxc4 f5 27. Rd4 Rxd4 28. Nxd4 g6 29. Kf1 Kf7 30. Ke1 Ke7 31. Kd2 Bd5 32. a3 Kd6 33. Kc3 Kc5 34. Nb3+ Kb5 35. Nd2 Kc5 36. b3 Bf7 37. a4 Be6 38. Nb1 Bc8 39. Na3 Ba6 40. Nc2 Bb7 41. Nd4 Bd5 42. Ne2 Bg8 43. Nf4 Bf7 44. Nh3 Bg8 45. Ng5 h6 46. Nh3 g5 47. Ng1 Bf7 48. Ne2 Be6 49. h4 Bc8 50. Ng1 gxh4 51. gxh4 f4 52. Ne2 fxe3 53. fxe3 Bd7 54. Nf4 Bf5 55. Nh5 Bc8 56. Nf6 Bb7 57. Nd7+ Kd6 58. Nb6 Ke5 59. Nc4+ Kf6 60. Nxa5 Ba8 61. b4 Kg6 62. b5 Kh5 63. b6 Kxh4 64. b7 1-0

[Event "Police Gniota Memorial 24th"]
[Site "Police"]
[Date "2009.07.08"]
[Round "1"]
[White "Czuchnicki, Adam"]
[Black "Sopur, Lech"]
[Result "0-1"]
[WhiteElo "2085"]
[BlackElo "2425"]
[PlyCount "54"]
[EventDate "2009.07.08"]
[EventType "swiss"]
[EventRounds "9"]
[EventCountry "POL"]
[SourceTitle "CBM 131 Extra"]
[Source "ChessBase"]
[SourceDate "2009.09.03"]
[SourceVersion "2"]
[SourceVersionDate "2009.09.16"]
[SourceQuality "1"]

1. d4 d5 2. Nf3 Nf6 3. c4 c6 4. g3 dxc4 5. Bg2 b5 6. a4 Bb7 7. 0-0 e6 8. Ne5 a6 9. Nc3 Qc8 10. e4 Nbd7 11. f4 Be7 12. f5 exf5 13. Nxd7 Qxd7 14. Rxf5 0-0 15. Kh1 Rad8 16. Be3 g6 17. Rf1 b4 18. Ne2 c5 19. d5 Ng4 20. Bg1 Bd6 21. Rc1 Ne5 22. Nf4 a5 23. Bh3 Qe8 24. Qc2 Ba6 25. Bg2 c3 26. Rfd1 cxb2 27. Qxb2 Rc8 0-1